000 00550nam a2200193Ia 4500
003 GCL
008 140319s9999 xx 000 0 ara d
040 _aGCL /
_cGCL
082 0 4 _a192
_bد ب
100 1 _aد. بيك، ستانلى
245 1 0 _aبساطة العلم /
_cد. بيك، ستانلى
700 1 _aزكريا فهمى (مترجم)
300 _a258
490 _aالالف كتاب
_v0
650 0 4 _aالفلسفة
650 0 4 _aالفلسفة الحديثة
650 0 4 _aالفلسفة الانجليزية
942 _2ddc
_cBK
999 _c44068
_d44068